000 00676nam a2200289Ia 4500
005 20260324124731.0
008 008 260324s9999 xx 000 0 eng d
020 _a9781351193870
037 _aEBOOK
040 _aCRL
040 _beng
040 _cCRL
041 _2eng
041 _aeng
084 _qCRL
100 _aEmily Finer
_91175294
245 0 _aTurning into Sterne
245 0 _bViktor Shklovskii and Literary Reception
260 _bTaylor and Francis
260 _c2010
365 _a
365 _b135
856 _uhttp://www.taylorfrancis.com/books/9781351193870
942 _cEBOOK
999 _c1769928
_d1769928